banner-ar

الاميرة الملكة اجدابيا فى الحقبة الملكية / (Record no. 65282)

MARC details
000 -الفاتح
حقل البيانات ثابتة الطول 00977nam a22002417a 4500
005 - وقت وتاريخ اخر تعامل مع التسجيلة
رقم الضبط 20240530110816.0
008 - عناصر البيانات ثابتة الطول - معلومات عامة
حقل البيانات ثابتة الطول 190625s2019 ua ah g b 00| 0dara d
017 ## - رقم الايداع القانونى
رقم الايداع القانونى 2017/205
المصدر ( الهيئة المختصة) مصر. دار الكتب
020 ## - الرقم الدولى المعيارى للكتب
الرقم الدولى المعيارى للكتاب 97889959117397
040 ## - مصدر الفهرسة
وكالة الفهرسة الأصلية EG-CaGPL
وكالة النسخ EG-CaGPL
082 04 - رقم تصنيف ديوى العشرى
رقم الطبعة 21
رقم التصنيف 961.216/
رقم المادة ط أ
100 0# - المدخل الرئيسى - إسم شخصى
الإسم الشخصى طاهر مفتاح مفتاح
245 12 - بيان العنوان
العنوان الاميرة الملكة اجدابيا فى الحقبة الملكية /
بيان المسئوليه,etc تاليف طاهر مفتاح مفتاح
250 ## - بيان الطبعة
بيان الطبعة ط.1
260 ## - PUBLICATION, DISTRIBUTION, ETC. (IMPRINT)
تاريخ النشر أو التوزيع 2018
300 ## - الوصف المادى
التعداد 634 ص. :
تفاصيل ماديه اخرى للوعاء ايض ؛
أبعاد الوعاء 24 سم.
504 ## - تبصرة ببليوجرافية
تبصرة ببليوجرافية,الخ يشتمل على ارجاعات ببليوجرافية
650 ## - المدخل الاضافى بالموضوع-مصطلح موضوعى
مصدر الرأس أو المصطلح qrmak
651 07 - المدخل الاضافى بالموضوع - اسم جغرافى
مصدر الرأس أو المصطلح qrmak
الاسم الجغرافي ليبيا
التقسيم الفرعي العام تاريخ
التقسيم الفرعي الزمني العصر الحديث
التقسيم الفرعي العام الاحتلال البريطانى
653 #0 - مصطلح تكشيفى غير مقيد
مصطلح غير مقيد اجدابيا - ليبيا
942 ## - عناصر المدخل الإضافي( كوها)
مصدر التصنيف او مخطط الترفيف Dewey Decimal Classification
Koha [default] item type كتاب
260 ## - PUBLICATION, DISTRIBUTION, ETC. (IMPRINT)
-- القاهرة :
-- دار الحكمة للطباعة و النشر و التوزيع،
Holdings
حالة التراجع حالة الفقد حالة تلف ليس للاعارة المكان المؤقت الموقع الحالى موقع الترفيف تاريخ الاكتساب اجمالي اﻻعارات رقم الطلب الباركود تاريخ اخر مشاهدة تاريخ تفعيل السعر نوع وعاء كوها
        مكتبة القاهرة الكبرى مكتبة القاهرة الكبرى القاعة الرئيسية 06/25/2019   961.216/ ط أ 165997 06/25/2019 06/25/2019 كتاب

Powered By

EGPV